000 00604nam a2200241Ia 4500
003 OSt
005 20221005123906.0
006 a|||||r|||| 00| 0
007 ta
008 221004b |||||||| |||| 00| 0 tam d
024 _a49796
037 _cTextual
040 _aCRL
_cCRL
_btam
041 _2tam
_atam
082 _aO31,3N31,1, K0
100 _aChudamani Au.
_9626106
245 0 _aManaththukku iniyaval
260 _c1960
650 _a TAMIL LITERATURE
650 _aTAMIL FICTION
942 _hO31,3N31,1, K0
_cTEXL
_2cc
999 _c1048818
_d1048818